|
|
|
|
| LEADER |
00000nam0a2200000 4500 |
| 001 |
43551 |
| 005 |
20231101210825.0 |
| 035 |
|
|
|a (RuTPU)RU\TPU\book\45036
|
| 090 |
|
|
|a 43551
|
| 100 |
|
|
|a 20021011d1982 k y0rusy50 ca
|
| 101 |
0 |
|
|a rus
|
| 102 |
|
|
|a RU
|
| 105 |
|
|
|a a z 001zy
|
| 200 |
1 |
|
|a Автоэмиссионные и взрывные процессы в газовом разряде
|f Ю. Д. Королев, Г. А. Месяц
|g Сибирское отделение АН СССР; Институт сильноточной электроники
|
| 210 |
|
|
|a Новосибирск
|c Наука
|d 1982
|
| 215 |
|
|
|a 255 с.
|c ил.
|
| 320 |
|
|
|a Библиогр.: с. 233-253.
|
| 330 |
|
|
|a Монография посвящена описанию результатов исследований разряда в газе в условиях высокого электрического поля, когда автоэмиссионные и взрывоэмиссионные процессы на катоде играют важную роль в развитии пробоя. Рассмотрено влияние состояния поверхности катода в газе на автоэмиссионный ток и переход автоэлектронной эмиссии во взрывную. Анализируются данные по изучению статического пробоя в области высоких электрических полей. Достаточно полно рассматривается формирование наносекундного импульсного разряда в сильно перенапряженных промежутках, а также импульсные объемные разряды, инициируемые при облучении промежутка ультрафиолетовым излучением либо поддерживаемые пучком быстрых электронов.Книга представляет интерес для специалистов в области физики газового разряда и занимающихся вопросами применения разрядов в электрофизических устройствах. Она может быть полезна аспирантам и студентам вузов.
|
| 606 |
1 |
|
|a Газы
|x Электрические свойства
|2 stltpush
|3 (RuTPU)RU\TPU\subj\5351
|9 33452
|
| 610 |
1 |
|
|a физика
|
| 610 |
1 |
|
|a автоэмиссия
|
| 610 |
1 |
|
|a взрывные процессы
|
| 610 |
1 |
|
|a газовые разряды
|
| 610 |
1 |
|
|a электроды
|
| 610 |
1 |
|
|a вакуум
|
| 610 |
1 |
|
|a закон Пашена
|
| 610 |
1 |
|
|a быстрые электроны
|
| 610 |
1 |
|
|a дуговые разряды
|
| 610 |
1 |
|
|a объемные разряды
|
| 610 |
1 |
|
|a искровые разряды
|
| 610 |
1 |
|
|a тлеющие разряды
|
| 610 |
1 |
|
|a труды учёных ТПУ
|
| 610 |
1 |
|
|a автоэлектронная эмиссия
|
| 675 |
|
|
|a 537.523
|v 3
|
| 700 |
|
1 |
|a Королев
|b Ю. Д.
|c электрофизик
|c профессор Томского политехнического университета, доктор физико-математических наук
|f 1945-
|g Юрий Дмитриевич
|2 stltpush
|3 (RuTPU)RU\TPU\pers\26833
|
| 701 |
|
1 |
|a Месяц
|b Г. А.
|c российский физик
|c академик, вице-президент РАН
|c выпускник Томского политехнического института
|f 1936-
|g Геннадий Андреевич
|2 stltpush
|3 (RuTPU)RU\TPU\pers\17099
|4 070
|
| 712 |
0 |
2 |
|a Академия наук СССР (АН СССР)
|b Сибирское отделение (СО)
|b Институт сильноточной электроники (ИСЭ)
|c (Томск)
|2 stltpush
|3 (RuTPU)RU\TPU\col\11436
|
| 801 |
|
1 |
|a RU
|b 63413507
|c 20021011
|g PSBO
|
| 801 |
|
2 |
|a RU
|b 63413507
|c 20200828
|g PSBO
|
| 942 |
|
|
|c BK
|